000 01436cam a22003254a 4500
001 13807711
005 20060815210125.0
008 041206s2005 ii a b 001 0 eng
010 _a2004028917
020 _a0761933271 (hard back)
020 _a076193328X (paper back)
020 _a8178294818 (India-Hb)
020 _a8178294826 (India-Pb)
040 _aDLC
_cDLC
_dDLC
042 _apcc
050 0 0 _aHD77
_b.M55 2005
082 0 0 _a330.072
_222
_bMIK
100 1 _aMikkelsen, Britha.
245 1 0 _aMethods for Development Work and Research :
_bA New Guide for Practitioners /
_cBritha Mikkelsen.
250 _a2nd ed.
260 _aNew Delhi ;
_aThousand Oaks, Calif. :
_bSAGE Publications,
_cc2005.
300 _a373 p. :
_bill. ;
_c25 cm.
504 _aIncludes bibliographical references (p. [350]-365) and index.
650 0 _aEconomic development
_xResearch
_xMethodology.
856 4 1 _3Table of contents only
_uhttp://www.loc.gov/catdir/toc/ecip054/2004028917.html
856 4 2 _3Publisher description
_uhttp://www.loc.gov/catdir/enhancements/fy0658/2004028917-d.html
942 _2ddc
_cBB
999 _c10759
_d10759